000 01099cad a22002055a 4500
001 L148478
008 090923e20090922xxk f f000 0 eng d
035 _a(Sirsi) u148478
041 0 _aeng
110 1 _aUnited Kingdom
_bOffice of Fair Trading
_94767
245 0 0 _aConstruction firms fined for illegal bid-rigging
_h[electronic resource]
260 _c2009
490 _aOFT Press Release
_v(114/09) 22 September 2009
520 _aReports that the Office of Fair Trading has imposed fines on construction firms for illegal bid-rigging following one of its largest Competition Act investigations. 199 tenders were involved, during the period 2000 to 2006. Accompanying documents on the web page include: a table of infringements; an information note to procuring entities in the public and private sectors; and a table of parties and fines.
590 _aKA NTK
651 4 _aEngland
_y886-
690 _aMANAGEMENT-BUSINESS MANAGEMENT-PROFESSIONAL PRACTICE
856 4 0 _uhttps://www.oft.gov.uk/news/press/2009/114-09
_zView the press release free of charge at www.oft.gov.uk...
942 _n0
999 _c81864
_d81864